Стратегический риск-менеджмент: принципы и методики (Запис № 359246)

МАРК-запис
000 -Лідер
fixed length control field 00669nam a22002417a 4500
003 - Ідентифікатор контрольного номера
control field UA-OsUOA
001 - Контрольний номер
control field 72964
007 - Фіксоване поле фізичного опису
fixed length control field ta
008 - Елементи даних фіксованої довжини – загальна інформація
fixed length control field 20110207b un ||||| |||| 00| 0 ukr d
090 ## - Локальний шифр розміщення
Класифікаційний індекс УДК 330.131.7:658
Авторський знак (НП) Д16
040 ## - Джерело каталогізації
Агенція оригінальної каталогізації UA-OsUOA
Мова каталогізації rus
Агенція, яка здійснювала перезапис UA-OsUOA
Агенція, яка здійснювала модифікацію UA-OsUOA
041 ## - Код мови
Код мови тексту/ звукової доріжки чи окремого заголовка (П) rus
080 ## - Індекс Універсальної десяткової класифікації
Індекс Універсальної десяткової класифікації (УДК) (НП) 330.131.7:658
020 ## - Міжнародний стандартний книжковий номер (ISBN)
Міжнародний стандартний книжковий номер (ISBN) (НП) 978-8459-1453-8
100 ## - Основне введення – ім’я особи
Ім’я особи (НП) Дамодаран А.
245 ## - Відомості про назву
Назва (НП) Стратегический риск-менеджмент: принципы и методики
260 ## - Публікація, розповсюдження і т.п. (Вихідні дані)
Місце публікації, розповсюдження і т.п. (П) М.
Ім’я/ наймення видавництва, розповсюджувача і т.п. (П) Вильямс
Дата публікації, розповсюдження і т.п. (П) 2010
300 ## - Фізичний опис
Обсяг 496 с.
650 #7 - Додаткове предметне введення – тематичний термін
Тематичний термін чи географічна назва, як елемент введення (НП) 330 Економіка взагалі
Джерело заголовка чи терміна UDC
942 ## - Додаткові елементи входу (Коха)
Тип елемента Koha Книги
955 ## - Код типу видання за змістом
Код типу видання за змістом (НП) Навчальні видання
Фонди
Стан вилучень Стан втрат Джерело класифікації або схеми стелажів Стан уражень Не для кредиту Постійне місце розташування Поточне розміщення Дата придбання Джерело придбання Вартість, звичайна ціна покупки Інвентарний номер Усього замовленно Повний номер виклику Штрих-код Дата останнього перегляду Ціна ефективна від Тип елемента Koha
    Universal Decimal Classification     ЧЗ - Читальна зала ЧЗ - Читальна зала 07/02/2011 13/2011 372.50 130803   330.131.7:658 Д16 130803 07/02/2022 07/02/2011 Книги
    Universal Decimal Classification     ЧЗ - Читальна зала ЧЗ - Читальна зала 03/03/2011 27/2011 372.50 131146   330.131.7:658 Д16 131146 07/02/2022 07/02/2011 Книги
    Universal Decimal Classification     ЧЗ - Читальна зала ЧЗ - Читальна зала 04/03/2011 30/2011 372.50 131163   330.131.7:658 Д16 131163 07/02/2022 07/02/2011 Книги
    Universal Decimal Classification     ЧЗ - Читальна зала ЧЗ - Читальна зала 04/03/2011 30/2011 372.50 131164   330.131.7:658 Д16 131164 07/02/2022 07/02/2011 Книги
    Universal Decimal Classification     ЧЗ - Читальна зала ЧЗ - Читальна зала 04/03/2011 30/2011 372.50 131165   330.131.7:658 Д16 131165 07/02/2022 07/02/2011 Книги